[Event "Park Hall International"]
[Site "Preston"]
[Date "1989.06.18"]
[Round "1"]
[White "Levitt, Jonathan P"]
[Black "Lund, D Brett"]
[Result "0-1"]
[WhiteElo "2495"]
[BlackElo "2270"]
[Annotator "Tisdall, J; Keene, R"]
[PlyCount "78"]
[EventDate "1989.06.18"]
[EventType "tourn"]
[EventRounds "9"]
[EventCountry "ENG"]
[EventCategory "10"]
[SourceTitle "BritBase"]
[Source "John Saunders"]
[SourceDate "2025.08.04"]
[SourceVersion "1"]
[SourceVersionDate "2025.08.04"]
[SourceQuality "1"]

1. d4 e6 2. c4 f5 3. Nf3 Nf6 4. g3 d5 5. Bg2 Bd6 6. O-O O-O 7. b3 Nc6 8. Nc3 Ne4 9. Bb2 Nxc3 10. Bxc3 Bd7 11. Qd3 b6 12. cxd5 exd5 13. Ne5 Ne7 14. Nxd7 Qxd7 15. e3 a5 16. a4 Rf6 17. Rac1 Raf8 18. Rc2 g5 19. f3 Qe8 20. Rd1 Qh5 21. Be1 Rh6 22. h3 g4 23. fxg4 fxg4 24. h4 Rf3 25. Bxf3 gxf3 26. e4 Qg4 $1 (26... dxe4 $4 27. Qxe4 f2+ 28. Rxf2 Qxd1 29. Qa8+ $18 {Levitt}) 27. e5 Bb4 28. Qb5 c6 29. Qf1 Nf5 30. Kh2 Ne3 31. Qd3 Bxe1 32. Rxe1 Rxh4+ 33. gxh4 Qxh4+ 34. Kg1 Qxe1+ 35. Kh2 Qh4+ 36. Kg1 Qg3+ 37. Kh1 Qh3+ $2 ({Black could now have crowned his splendidly aggres­sive achievement against a much higher rated opponent by playing} 37... f2 $1 {when White could resign. Instead, in mutual time trouble, Black panics (Keene)}) 38. Rh2 Qg3 $2 (38... Qxh2+ $5 39. Kxh2 f2 $11) 39. Qxh7+ Kf8 {time. Sources: bulletin; The Times, 24 June 1989; CHESS, September 1989, Vol.54/6, p25} (39... Kf8 {In fact, White can now win, had his clock flag not fallen, with} 40. Qh8+ {. A stirring battle. (Keene)}) 0-1

[Event "Park Hall International"]
[Site "Preston"]
[Date "1989.06.18"]
[Round "1"]
[White "Tisdall, Jonathan D"]
[Black "Wolff, Patrick G"]
[Result "1-0"]
[WhiteElo "2460"]
[BlackElo "2485"]
[PlyCount "129"]
[EventDate "1989.06.18"]
[EventType "tourn"]
[EventRounds "9"]
[EventCountry "ENG"]
[EventCategory "10"]
[SourceTitle "BritBase"]
[Source "John Saunders"]
[SourceDate "2025.08.04"]
[SourceVersion "1"]
[SourceVersionDate "2025.08.04"]
[SourceQuality "1"]

1. Nf3 c5 2. c4 Nc6 3. g3 g6 4. Bg2 Bg7 5. O-O e6 6. Nc3 Nge7 7. e3 d5 8. cxd5 exd5 9. d4 cxd4 10. Nxd4 Nxd4 11. exd4 O-O 12. Bg5 Be6 13. Qb3 f6 14. Bf4 g5 15. Rfe1 Qd7 16. Qb5 Rfe8 17. Qxd7 Bxd7 18. Bd6 Bf8 19. Nxd5 Nxd5 20. Bxd5+ Kg7 21. Bxf8+ Kxf8 22. b3 Rab8 23. Rxe8+ Kxe8 24. Rc1 Ke7 25. f4 Kd6 26. Bf3 h6 27. Kf2 b6 28. fxg5 fxg5 29. Be4 Re8 30. Re1 Rf8+ 31. Ke3 Bh3 32. Rc1 Bd7 33. d5 Rf7 34. Kd4 Rf2 35. Rc2 Rf1 36. Rd2 Rf7 37. Bg6 Rf6 38. Be4 Rf7 39. Rc2 Rf1 40. Rd2 Rf7 41. Bg2 Rf8 42. a4 a6 43. Be4 Rf7 44. Bd3 Rf3 45. Rb2 Bc8 46. Re2 Bd7 47. Rb2 Bc8 48. Re2 Bd7 49. Bc4 h5 50. Re5 b5 51. axb5 axb5 52. Be2 Rxb3 53. Rxg5 h4 54. Rg6+ Ke7 55. gxh4 Rb4+ 56. Kc5 Rxh4 57. Rg7+ Ke8 58. Kd6 Rh6+ 59. Kc7 Bf5 60. Bxb5+ Kf8 61. Rg2 Rh7+ 62. Kd6 Rh6+ 63. Ke5 Rh5 64. Rf2 Ke7 65. Be2 1-0

[Event "Park Hall International"]
[Site "Preston"]
[Date "1989.06.18"]
[Round "1"]
[White "Wilder, Michael"]
[Black "Hodgson, Julian M"]
[Result "1/2-1/2"]
[WhiteElo "2540"]
[BlackElo "2545"]
[PlyCount "39"]
[EventDate "1989.06.18"]
[EventType "tourn"]
[EventRounds "9"]
[EventCountry "ENG"]
[EventCategory "10"]
[SourceTitle "BritBase"]
[Source "John Saunders"]
[SourceDate "2025.08.04"]
[SourceVersion "1"]
[SourceVersionDate "2025.08.04"]
[SourceQuality "1"]

1. g3 d5 2. Bg2 e5 3. d3 c6 4. Nf3 Bd6 5. c4 Ne7 6. O-O O-O 7. Nc3 h6 8. cxd5 cxd5 9. e4 d4 10. Nb5 Nbc6 11. Bd2 Be6 12. a4 Rc8 13. a5 a6 14. Nxd6 Qxd6 15. Qa4 Rc7 16. Ne1 Qd7 17. Nc2 Rfc8 18. Na3 Na7 19. Qxd7 Rxd7 20. f4 1/2-1/2

[Event "Park Hall International"]
[Site "Preston"]
[Date "1989.06.19"]
[Round "2"]
[White "Hodgson, Julian M"]
[Black "Davies, Nigel Rodney"]
[Result "1/2-1/2"]
[WhiteElo "2545"]
[BlackElo "2485"]
[PlyCount "125"]
[EventDate "1989.06.18"]
[EventType "tourn"]
[EventRounds "9"]
[EventCountry "ENG"]
[EventCategory "10"]
[SourceTitle "BritBase"]
[Source "John Saunders"]
[SourceDate "2025.08.04"]
[SourceVersion "1"]
[SourceVersionDate "2025.08.04"]
[SourceQuality "1"]

1. e4 e5 2. Nf3 Nc6 3. Bb5 a6 4. Ba4 d6 5. O-O Bd7 6. d4 Nf6 7. Bxc6 Bxc6 8. Re1 Be7 9. Nc3 exd4 10. Nxd4 Bd7 11. Qf3 O-O 12. h3 Re8 13. Bg5 h6 14. Bh4 Nh7 15. Bg3 Bf6 16. Rad1 Bxd4 17. Rxd4 Qf6 18. Qxf6 Nxf6 19. Bh4 g5 20. Bg3 Bc6 21. Re3 Nh5 22. Bh2 Re7 23. g4 Ng7 24. Nd5 Bxd5 25. exd5 Rae8 26. Rxe7 Rxe7 27. Kf1 f5 28. Bg1 f4 29. f3 Ne8 30. a4 a5 31. b4 axb4 32. Rxb4 b6 33. Bd4 Kf7 34. Rb5 Nf6 35. a5 bxa5 36. Rxa5 Nd7 37. Ra6 Ne5 38. Kf2 Kg6 39. Ra4 Kf7 40. Bb2 Nd7 41. Bd4 Ne5 42. Ra8 Kg6 43. Rc8 Nc4 44. Rg8+ Kh7 45. Rh8+ Kg6 46. Rf8 Na3 47. c3 Nb5 48. Bh8 Re3 49. c4 Nc3 50. Rg8+ Kh7 51. Rc8 Nd1+ 52. Kf1 Re7 53. Bd4 Kg6 54. Rg8+ Kh7 55. Rc8 Kg6 56. Rg8+ Kh7 57. Rf8 Ne3+ 58. Bxe3 Rxe3 59. Kf2 Re7 60. h4 Kg7 61. Rf5 Kg6 62. hxg5 hxg5 63. Rf8 1/2-1/2

[Event "Park Hall International"]
[Site "Preston"]
[Date "1989.06.19"]
[Round "2"]
[White "Lund, D Brett"]
[Black "Tisdall, Jonathan D"]
[Result "1/2-1/2"]
[WhiteElo "2270"]
[BlackElo "2460"]
[PlyCount "38"]
[EventDate "1989.06.18"]
[EventType "tourn"]
[EventRounds "9"]
[EventCountry "ENG"]
[EventCategory "10"]
[SourceTitle "BritBase"]
[Source "John Saunders"]
[SourceDate "2025.08.04"]
[SourceVersion "1"]
[SourceVersionDate "2025.08.04"]
[SourceQuality "1"]

1. g3 Nf6 2. Bg2 d5 3. f4 c5 4. Nf3 Nc6 5. O-O Qc7 6. c4 d4 7. d3 e6 8. Kh1 Be7 9. e4 dxe3 10. Bxe3 O-O 11. Nc3 Rd8 12. Qe2 a6 13. Bg1 Rb8 14. Ne5 Nd4 15. Bxd4 cxd4 16. Ne4 Nxe4 17. Bxe4 g6 18. Bg2 Bd7 19. Nxd7 Rxd7 1/2-1/2

[Event "Park Hall International"]
[Site "Preston"]
[Date "1989.06.19"]
[Round "2"]
[White "Sokolov, Ivan"]
[Black "Levitt, Jonathan P"]
[Result "1-0"]
[WhiteElo "2580"]
[BlackElo "2495"]
[PlyCount "161"]
[EventDate "1989.06.18"]
[EventType "tourn"]
[EventRounds "9"]
[EventCountry "ENG"]
[EventCategory "10"]
[SourceTitle "BritBase"]
[Source "John Saunders"]
[SourceDate "2025.08.04"]
[SourceVersion "1"]
[SourceVersionDate "2025.08.04"]
[SourceQuality "1"]

1. d4 Nf6 2. c4 e6 3. Nc3 Bb4 4. Qc2 O-O 5. a3 Bxc3+ 6. Qxc3 b6 7. Bg5 Bb7 8. e3 d6 9. f3 c5 10. Bd3 Nc6 11. dxc5 bxc5 12. Ne2 h6 13. Bh4 Ne4 14. Bxd8 Nxc3 15. Bc7 Ne5 16. Bc2 Nxe2 17. Bxd6 Nxc4 18. Bxf8 Nxe3 19. Be4 Nd4 20. Bxb7 Rxf8 21. Kf2 Rb8 22. Ba6 Ndc2 23. Rab1 Rd8 24. Ke2 Nxg2 25. Rhd1 Nf4+ 26. Kf2 Nd4 27. Rbc1 Rd5 28. b4 cxb4 29. axb4 Rd6 30. Rc8+ Kh7 31. Bf1 e5 32. Rc7 Nd5 33. Rxa7 Rf6 34. Rxd4 exd4 35. b5 g5 36. Rd7 Nc3 37. Rxd4 Rb6 38. Rd3 Na4 39. Rd7 Kg7 40. Rc7 Rf6 41. Rc6 Rf4 42. Rc4 Nb6 43. Rxf4 gxf4 44. Ke2 Kf6 45. Kd3 Ke5 46. Kc3 Kd5 47. Kb4 Kd6 48. Bc4 f6 49. Bd3 Nd7 50. Be4 Nb6 51. h4 Nd7 52. h5 Nb6 53. Bc6 f5 54. Ka5 Kc7 55. Ka6 Na4 56. Ka7 Nb6 57. Bb7 Nd7 58. Bd5 Nb6 59. Be6 Na4 60. Bxf5 Nb6 61. Be6 Na4 62. Bb3 Nb6 63. Bc2 Nd5 64. Be4 Nb6 65. Ka6 Nc4 66. Ba8 Nb6 67. Bc6 Nc4 68. Be4 Nb6 69. Ka5 Nd7 70. Bf5 Nb6 71. Kb4 Kd6 72. Be4 Kc7 73. Kc5 Na4+ 74. Kd4 Kd6 75. Bd5 Nc5 76. b6 Nd7 77. b7 Kc7 78. Ke4 Nf6+ 79. Ke5 Nxh5 80. Kf5 Kb8 81. Ke5 1-0

[Event "Park Hall International"]
[Site "Preston"]
[Date "1989.06.19"]
[Round "2"]
[White "Wilder, Michael"]
[Black "Suba, Mihai"]
[Result "1/2-1/2"]
[WhiteElo "2540"]
[BlackElo "2515"]
[PlyCount "63"]
[EventDate "1989.06.18"]
[EventType "tourn"]
[EventRounds "9"]
[EventCountry "ENG"]
[EventCategory "10"]
[SourceTitle "BritBase"]
[Source "John Saunders"]
[SourceDate "2025.08.04"]
[SourceVersion "1"]
[SourceVersionDate "2025.08.04"]
[SourceQuality "1"]

1. Nf3 c5 2. c4 Nf6 3. Nc3 e6 4. g3 b6 5. Bg2 Bb7 6. O-O a6 7. Re1 Be7 8. e4 d6 9. d4 cxd4 10. Nxd4 Qc7 11. Be3 O-O 12. Rc1 Nbd7 13. f4 Rfe8 14. b3 Rac8 15. Qe2 Qb8 16. e5 dxe5 17. fxe5 Bxg2 18. exf6 Ba8 19. fxe7 Qb7 20. Rf1 Qh1+ 21. Kf2 Qxh2+ 22. Ke1 Qxg3+ 23. Kd2 Qd6 24. Kc2 Qxe7 25. Kb2 Ne5 26. Bg1 f6 27. Bh2 Nc6 28. Nxc6 Bxc6 29. Rfd1 Qb7 30. Rd6 e5 31. Bg1 b5 32. c5 1/2-1/2

[Event "Park Hall International"]
[Site "Preston"]
[Date "1989.06.19"]
[Round "2"]
[White "Wolff, Patrick G"]
[Black "Adams, Michael"]
[Result "1/2-1/2"]
[WhiteElo "2485"]
[BlackElo "2510"]
[PlyCount "61"]
[EventDate "1989.06.18"]
[EventType "tourn"]
[EventRounds "9"]
[EventCountry "ENG"]
[EventCategory "10"]
[SourceTitle "BritBase"]
[Source "John Saunders"]
[SourceDate "2025.08.04"]
[SourceVersion "1"]
[SourceVersionDate "2025.08.04"]
[SourceQuality "1"]

1. e4 c6 2. d4 d5 3. Nd2 dxe4 4. Nxe4 Nd7 5. Ng5 e6 6. Bd3 Be7 7. N1f3 h6 8. Ne4 Ngf6 9. Qe2 Nxe4 10. Qxe4 Nf6 11. Qe2 b6 12. Bd2 Bb7 13. O-O-O Qc7 14. Ne5 Nd7 15. f4 Rf8 16. Qg4 Bf6 17. Bb4 c5 18. dxc5 Bxe5 19. fxe5 bxc5 20. Bb5 O-O-O 21. Rxd7 Rxd7 22. Bxd7+ Kxd7 23. Qxg7 Qc8 24. Rd1+ Bd5 25. Bd2 Kc6 26. Bxh6 Rd8 27. b3 Qa6 28. a4 Qe2 29. Rd2 Qe1+ 30. Kb2 c4 31. Qg3 1/2-1/2

[Event "Park Hall International"]
[Site "Preston"]
[Date "1989.06.20"]
[Round "3"]
[White "Davies, Nigel Rodney"]
[Black "Wolff, Patrick G"]
[Result "0-1"]
[WhiteElo "2485"]
[BlackElo "2485"]
[PlyCount "54"]
[EventDate "1989.06.18"]
[EventType "tourn"]
[EventRounds "9"]
[EventCountry "ENG"]
[EventCategory "10"]
[SourceTitle "BritBase"]
[Source "John Saunders"]
[SourceDate "2025.08.04"]
[SourceVersion "1"]
[SourceVersionDate "2025.08.04"]
[SourceQuality "1"]

1. d4 Nf6 2. c4 c5 3. d5 b5 4. cxb5 a6 5. e3 g6 6. Nc3 Bg7 7. a4 O-O 8. Ra3 Bb7 9. Nh3 e6 10. Nf4 e5 11. Nh3 e4 12. Nf4 d6 13. Be2 axb5 14. Bxb5 Na6 15. O-O Nb4 16. Bc4 Qe7 17. Qd2 g5 18. Nfe2 Ng4 19. b3 Qe5 20. g3 Qf5 21. Nxe4 Qxe4 22. f3 Qxe3+ 23. Qxe3 Nxe3 24. Bxe3 Nc2 25. Bc1 Nxa3 26. Bxa3 Ba6 27. Rc1 Rfb8 {Sources: bulletin; CHESS, September 1989, Vol.54/6, p25} 0-1

[Event "Park Hall International"]
[Site "Preston"]
[Date "1989.06.20"]
[Round "3"]
[White "Levitt, Jonathan P"]
[Black "Wilder, Michael"]
[Result "0-1"]
[WhiteElo "2495"]
[BlackElo "2540"]
[PlyCount "76"]
[EventDate "1989.06.18"]
[EventType "tourn"]
[EventRounds "9"]
[EventCountry "ENG"]
[EventCategory "10"]
[SourceTitle "BritBase"]
[Source "John Saunders"]
[SourceDate "2025.08.04"]
[SourceVersion "1"]
[SourceVersionDate "2025.08.04"]
[SourceQuality "1"]

1. d4 Nf6 2. c4 e6 3. Nc3 Bb4 4. e3 b6 5. Nge2 Ba6 6. Ng3 O-O 7. e4 c5 8. d5 d6 9. Bd2 exd5 10. cxd5 Bxf1 11. Kxf1 Re8 12. f3 a6 13. Nf5 c4 14. Qa4 Bc5 15. Qxc4 b5 16. Qb3 Nbd7 17. Qd1 g6 18. Ng3 Ba7 19. Bg5 Rc8 20. Qd2 Qa5 21. Nd1 Qxd2 22. Bxd2 Rc2 23. Bc3 h5 24. h4 Ne5 25. Ne2 b4 26. Nd4 bxc3 27. Nxc2 cxb2 28. Rb1 Nc4 29. Nc3 Rc8 30. Ke2 Na3 31. Rxb2 Rxc3 32. Kd2 Rxc2+ 33. Rxc2 Nxc2 34. Kxc2 Bf2 35. Rb1 Nd7 36. Rb7 Nc5 37. Rb6 Bg3 38. Kc3 Na4+ 0-1

[Event "Park Hall International"]
[Site "Preston"]
[Date "1989.06.20"]
[Round "3"]
[White "Suba, Mihai"]
[Black "Hodgson, Julian M"]
[Result "1/2-1/2"]
[WhiteElo "2515"]
[BlackElo "2545"]
[PlyCount "85"]
[EventDate "1989.06.18"]
[EventType "tourn"]
[EventRounds "9"]
[EventCountry "ENG"]
[EventCategory "10"]
[SourceTitle "BritBase"]
[Source "John Saunders"]
[SourceDate "2025.08.04"]
[SourceVersion "1"]
[SourceVersionDate "2025.08.04"]
[SourceQuality "1"]

1. c4 e5 2. g3 f5 3. d4 exd4 4. Qxd4 Nc6 5. Qd1 Nf6 6. Bg2 Ne5 7. Qc2 Bc5 8. Nf3 d6 9. O-O O-O 10. Nc3 c6 11. e3 Nxf3+ 12. Bxf3 Ng4 13. Na4 Qf6 14. Nxc5 dxc5 15. Bg2 Be6 16. Bd2 Rad8 17. h3 Nh6 18. b3 Nf7 19. Ba5 b6 20. Bc3 Qg6 21. Rfd1 Qh5 22. Bb2 Ng5 23. Bxc6 Nxh3+ 24. Kf1 Ng5 25. Rxd8 Rxd8 26. Qc3 Qg6 27. Qe5 h6 28. Ke1 Nf7 29. Qc3 f4 30. Be4 Qg4 31. Bf3 Qg6 32. Bh5 Qh7 33. gxf4 Rd3 34. Qc1 Rd7 35. Bf3 Bf5 36. Bd5 Be4 37. Qc3 Bxd5 38. cxd5 Rxd5 39. Rd1 Rxd1+ 40. Kxd1 Nd6 41. Qe5 Qd3+ 42. Ke1 Qb1+ 43. Ke2 1/2-1/2

[Event "Park Hall International"]
[Site "Preston"]
[Date "1989.06.21"]
[Round "4"]
[White "Lund, D Brett"]
[Black "Davies, Nigel Rodney"]
[Result "1/2-1/2"]
[WhiteElo "2270"]
[BlackElo "2485"]
[PlyCount "98"]
[EventDate "1989.06.18"]
[EventType "tourn"]
[EventRounds "9"]
[EventCountry "ENG"]
[EventCategory "10"]
[SourceTitle "BritBase"]
[Source "John Saunders"]
[SourceDate "2025.08.04"]
[SourceVersion "1"]
[SourceVersionDate "2025.08.04"]
[SourceQuality "1"]

1. g3 g6 2. Bg2 Bg7 3. c4 Nf6 4. Nc3 O-O 5. e4 d6 6. Nge2 c5 7. O-O Nc6 8. Rb1 Rb8 9. a3 Ne8 10. b4 Nc7 11. d3 Ne6 12. Be3 Ncd4 13. f4 f5 14. bxc5 Nxe2+ 15. Nxe2 Nxc5 16. e5 Qa5 17. d4 Ne4 18. Qd3 Bd7 19. Rb4 b5 20. Rfb1 bxc4 21. Qxc4+ d5 22. Qb3 Ba4 23. Qb2 Rbc8 24. Rc1 Rxc1+ 25. Nxc1 Rc8 26. Bxe4 fxe4 27. Nb3 Bxb3 28. Qxb3 Bf8 29. e6 Qa6 30. Rb5 Qxe6 31. Rxd5 Rc6 32. Rb5 Qxb3 33. Rxb3 e6 34. Rb8 Kf7 35. Rb7+ Kf6 36. Rxa7 Rc2 37. Rb7 Bxa3 38. Rb3 Bb2 39. Bf2 Bc1 40. Be3 Bxe3+ 41. Rxe3 Kf5 42. h3 h5 43. Ra3 Rd2 44. Ra5+ Kf6 45. Re5 Rxd4 46. h4 Ra4 47. Kf2 Ra2+ 48. Ke3 Rg2 49. Rg5 Ra2 1/2-1/2

[Event "Park Hall International"]
[Site "Preston"]
[Date "1989.06.21"]
[Round "4"]
[White "Sokolov, Ivan"]
[Black "Adams, Michael"]
[Result "1/2-1/2"]
[WhiteElo "2580"]
[BlackElo "2510"]
[PlyCount "54"]
[EventDate "1989.06.18"]
[EventType "tourn"]
[EventRounds "9"]
[EventCountry "ENG"]
[EventCategory "10"]
[SourceTitle "BritBase"]
[Source "John Saunders"]
[SourceDate "2025.08.04"]
[SourceVersion "1"]
[SourceVersionDate "2025.08.04"]
[SourceQuality "1"]

1. d4 Nf6 2. c4 e6 3. Nc3 Bb4 4. Qc2 O-O 5. a3 Bxc3+ 6. Qxc3 b6 7. Bg5 Bb7 8. e3 d6 9. f3 Nbd7 10. Bd3 h6 11. Bh4 c5 12. Ne2 Rc8 13. Qb3 d5 14. cxd5 Bxd5 15. Qa4 cxd4 16. exd4 Bc6 17. Qd1 b5 18. O-O Qb6 19. Bf2 Qb7 20. Ng3 Nb6 21. Qe2 Nbd5 22. Qd2 b4 23. a4 b3 24. Rfc1 Qb4 25. Qd1 Bxa4 26. Ne2 Rxc1 27. Qxc1 Bd7 1/2-1/2

[Event "Park Hall International"]
[Site "Preston"]
[Date "1989.06.21"]
[Round "4"]
[White "Suba, Mihai"]
[Black "Levitt, Jonathan P"]
[Result "1-0"]
[WhiteElo "2515"]
[BlackElo "2495"]
[PlyCount "126"]
[EventDate "1989.06.18"]
[EventType "tourn"]
[EventRounds "9"]
[EventCountry "ENG"]
[EventCategory "10"]
[SourceTitle "BritBase"]
[Source "John Saunders"]
[SourceDate "2025.08.04"]
[SourceVersion "1"]
[SourceVersionDate "2025.08.04"]
[SourceQuality "1"]

1. Nf3 Nf6 2. c4 b6 3. Nc3 Bb7 4. d4 e6 5. Bg5 Bb4 6. Rc1 h6 7. Bxf6 Qxf6 8. e3 O-O 9. Be2 d6 10. O-O Bxc3 11. Rxc3 Nd7 12. Nd2 Rfd8 13. Bf3 Bxf3 14. Nxf3 c5 15. Qa4 Qe7 16. Rd1 Nf6 17. h3 Qb7 18. dxc5 bxc5 19. Rb3 Qc7 20. Qa6 Rab8 21. Rdd3 Ne4 22. Rxb8 Rxb8 23. Nd2 Rb6 24. Qa4 Nf6 25. b3 Qb7 26. Qa3 Kf8 27. f3 Nd7 28. Ne4 Qb8 29. Rd2 f5 30. Nc3 a6 31. Qc1 Ke7 32. Qe1 Qf8 33. f4 Qf6 34. Rd3 g5 35. Qe2 Rb8 36. Qf3 gxf4 37. exf4 Qf8 38. Qd1 Rb6 39. Re3 Kf6 40. Qh5 Rb8 41. Rg3 Ke7 42. Rg6 Nf6 43. Qh4 Qh8 44. Rxh6 Qg7 45. Nd1 Rf8 46. Ne3 Kd7 47. Kh2 a5 48. Nf1 Rg8 49. Ng3 Ke7 50. Kg1 Kf7 51. Kf1 a4 52. bxa4 Ra8 53. Ne2 Rf8 54. a5 Kg8 55. Qg5 Kf7 56. a6 Ra8 57. Qh4 Rxa6 58. g4 fxg4 59. hxg4 Rxa2 60. g5 Ra1+ 61. Kg2 Kg8 62. Rxf6 Qb7+ 63. Kg3 Ra3+ 1-0

[Event "Park Hall International"]
[Site "Preston"]
[Date "1989.06.21"]
[Round "4"]
[White "Wilder, Michael"]
[Black "Tisdall, Jonathan D"]
[Result "1/2-1/2"]
[WhiteElo "2540"]
[BlackElo "2460"]
[PlyCount "41"]
[EventDate "1989.06.18"]
[EventType "tourn"]
[EventRounds "9"]
[EventCountry "ENG"]
[EventCategory "10"]
[SourceTitle "BritBase"]
[Source "John Saunders"]
[SourceDate "2025.08.04"]
[SourceVersion "1"]
[SourceVersionDate "2025.08.04"]
[SourceQuality "1"]

1. d4 Nf6 2. c4 e6 3. Nf3 d5 4. Nc3 Be7 5. Bg5 h6 6. Bh4 O-O 7. e3 b6 8. Bd3 Bb7 9. O-O dxc4 10. Bxc4 Nbd7 11. Qe2 Ne4 12. Bg3 Ndf6 13. Rac1 Bd6 14. Bh4 g5 15. Bg3 Bxg3 16. fxg3 Qe7 17. Ne5 Kg7 18. Bd3 Nxc3 19. bxc3 c5 20. Nf3 Rac8 21. Bb1 1/2-1/2

[Event "Park Hall International"]
[Site "Preston"]
[Date "1989.06.22"]
[Round "5"]
[White "Davies, Nigel Rodney"]
[Black "Sokolov, Ivan"]
[Result "1/2-1/2"]
[WhiteElo "2485"]
[BlackElo "2580"]
[PlyCount "113"]
[EventDate "1989.06.18"]
[EventType "tourn"]
[EventRounds "9"]
[EventCountry "ENG"]
[EventCategory "10"]
[SourceTitle "BritBase"]
[Source "John Saunders"]
[SourceDate "2025.08.04"]
[SourceVersion "1"]
[SourceVersionDate "2025.08.04"]
[SourceQuality "1"]

1. d4 Nf6 2. c4 g6 3. Nf3 Bg7 4. g3 c5 5. Bg2 Qa5+ 6. Bd2 Qb6 7. Nc3 cxd4 8. Na4 Qc7 9. Nxd4 O-O 10. Rc1 d6 11. O-O Nc6 12. Nb5 Qd8 13. Nbc3 Bg4 14. h3 Bd7 15. Kh2 Rc8 16. b3 Na5 17. e4 Bc6 18. Be3 b6 19. Qe2 e6 20. Nb2 Ba8 21. Rfd1 Qe7 22. b4 Nc6 23. a3 Rfd8 24. Qc2 Qc7 25. Qa4 Qb8 26. Nd3 Ne7 27. c5 dxc5 28. bxc5 Bc6 29. Qb4 b5 30. Bf4 Qb7 31. Ne5 Rxd1 32. Rxd1 a6 33. Qa5 Ne8 34. Qb6 h6 35. Ne2 g5 36. Nxc6 Qxc6 37. Be3 e5 38. Rd8 Qxb6 39. Rxc8 Nxc8 40. cxb6 Ned6 41. Nc3 Bf8 42. Bf1 Nb7 43. a4 Bc5 44. Bxc5 Nxc5 45. a5 Nd6 46. Nd5 Ndb7 47. Ne7+ Kf8 48. Nc6 f6 49. h4 Nxe4 50. hxg5 hxg5 51. Bxb5 Nec5 52. Bc4 Ke8 53. Kh3 f5 54. Nxe5 Nxa5 55. Bd5 Ke7 56. Nf7 Nd7 57. Nxg5 1/2-1/2

[Event "Park Hall International"]
[Site "Preston"]
[Date "1989.06.22"]
[Round "5"]
[White "Tisdall, Jonathan D"]
[Black "Suba, Mihai"]
[Result "1/2-1/2"]
[WhiteElo "2460"]
[BlackElo "2515"]
[Annotator "Tisdall, J"]
[PlyCount "39"]
[EventDate "1989.06.18"]
[EventType "tourn"]
[EventRounds "9"]
[EventCountry "ENG"]
[EventCategory "10"]
[SourceTitle "BritBase"]
[Source "John Saunders"]
[SourceDate "2025.08.04"]
[SourceVersion "1"]
[SourceVersionDate "2025.08.04"]
[SourceQuality "1"]

1. e4 c5 2. Nf3 d6 3. d4 Nf6 4. Nc3 cxd4 5. Nxd4 e6 6. g4 e5 $5 7. Bb5+ Bd7 8. Bxd7+ Qxd7 9. Nf5 h5 10. f3 hxg4 11. fxg4 Rh3 $5 {Murey,Y} 12. Qe2 (12. Ne3 Qc6 13. Ned5 Nbd7 14. Qe2 Rc8 $2 {Howell-Suba/London/1988/} (14... Nxd5 15. Nxd5 Nb6 16. Nxb6 axb6 17. O-O $13 {Suba})) 12... Qc6 $1 (12... Rxc3 13. bxc3 Qc6 14. O-O Qxe4 15. Qxe4 Nxe4 16. Re1 Nc5 17. Ba3 Nba6 18. Rad1 Rd8 19. h4 g6 20. Ne3 $16 {Wahls,M-Mainka,R/LUX op/1989/1-0/}) 13. O-O Nbd7 14. g5 $6 {14.f3!?} Rxc3 15. gxf6 (15. Nxg7+ $5 Bxg7 16. gxf6 Rxc2 (16... Nxf6 17. bxc3 Qxe4 18. Qd3 d5 19. Qg3 $16) 17. fxg7 Ke7 18. Qh5 (18. Rxf7+ Kxf7 19. Qh5+ Kg8 20. Qh8+ Kf7 21. Qh5+ $10 Kxg7 $2 22. Bh6+ Kh7 23. Rf1 Rg8+ 24. Bg7+ Kxg7 25. Rf7#) 18... Qc5+ (18... f6 $2 19. Qh7 Rg8 20. Qxg8 Qxe4 21. Qe6+ $1 Kxe6 22. g8=Q+ Ke7 23. Qg3 $18) 19. Kh1 Qc4 20. Bg5+ f6 21. Qh4 Qf7 22. Bh6 $13) 15... Rxc2 16. fxg7 Rxe2 17. g8=Q Qc5+ $1 (17... O-O-O 18. Bg5 Re8 19. Ne7+ $1) 18. Kh1 Qc2 19. Ng7+ (19. Nxd6+ Ke7 20. Nf5+ Kd8 21. Bg5+ Kc7 22. Rfc1 Rxh2+ 23. Kg1 Bc5+ $19) (19. Bh6 Qxe4+ 20. Kg1 O-O-O 21. Bxf8 Nxf8 22. Nxd6+ Rxd6 23. Qxf8+ Rd8 24. Rac1+ Rc2 25. Rxc2+ Qxc2 26. Qxf7 Qxb2 $17) 19... Kd8 20. Bg5+ {Sources: bulletin; CHESS, September 1989, Vol.54/6, p23} (20. Bg5+ Kc7 21. Rfc1 Rxh2+ $10) 1/2-1/2

[Event "Park Hall International"]
[Site "Preston"]
[Date "1989.06.23"]
[Round "6"]
[White "Hodgson, Julian M"]
[Black "Lund, D Brett"]
[Result "1-0"]
[WhiteElo "2545"]
[BlackElo "2270"]
[PlyCount "80"]
[EventDate "1989.06.18"]
[EventType "tourn"]
[EventRounds "9"]
[EventCountry "ENG"]
[EventCategory "10"]
[SourceTitle "BritBase"]
[Source "John Saunders"]
[SourceDate "2025.08.04"]
[SourceVersion "1"]
[SourceVersionDate "2025.08.04"]
[SourceQuality "1"]

1. e4 e6 2. d4 d5 3. Nc3 Bb4 4. e5 b6 5. Bd2 Bf8 6. h4 c5 7. Nf3 Nc6 8. Bb5 Bd7 9. a4 Nge7 10. Ne2 a6 11. Bxc6 Nxc6 12. h5 f6 13. h6 fxe5 14. hxg7 Bxg7 15. Nxe5 Nxe5 16. dxe5 Qc7 17. f4 O-O-O 18. b4 d4 19. bxc5 bxc5 20. Ng3 Bc6 21. Qe2 Bb7 22. Rb1 Qc6 23. O-O Rd7 24. Rf2 Bf8 25. Nh5 c4 26. Bb4 d3 27. cxd3 cxd3 28. Qd2 Bxb4 29. Rxb4 Rhd8 30. f5 exf5 31. Ng3 Rc7 32. Nxf5 Qc1+ 33. Kh2 Qxd2 34. Rxd2 Rc2 35. Rxc2+ dxc2 36. Rc4+ Kd7 37. Rxc2 Ke6 38. Nd6 Bd5 39. Rd2 Rg8 40. Nf7 Rf8 {time} 1-0